Top 20 Baby Girl Names of the '00s Quiz Stats

 Plays Quiz Updated Jan 6, 2017

Support Sporcle.
Go Orange.
Score 0/20 Timer 03:00
5 Plays Today
% Correct
Emma
85%
Emily
79.4%
Sophia
74.5%
Madison
72.7%
Isabella
71.8%
Olivia
71.6%
Hannah
70.2%
Grace
67%
Ava
66%
Abigail
65.8%
% Correct
Chloe
65.1%
Elizabeth
61%
Ashley
58.9%
Sarah
56.7%
Alexis
54.7%
Taylor
53.5%
Brianna
49.2%
Lauren
48.7%
Samantha
46.9%
Alyssa
46.2%

You're not logged in!

Compare scores with friends on all Sporcle quizzes.
OR
Log In
Forgot?

From the Vault

Tallest Building Cities (US)

by quizace

We'll just chalk this one up to building envy.
Remove Ads.
Support Sporcle.
Get the best of Sporcle when you Go Orange. This ad-free experience offers more features, more stats, and more fun while also helping to support Sporcle. Thank you for becoming a member.

Show Comments

Extras

Top Quizzes Today


Score Distribution

Your Account Isn't Verified!

In order to create a playlist on Sporcle, you need to verify the email address you used during registration. Go to your Sporcle Settings to finish the process.

Report this User

Report this user for behavior that violates our Community Guidelines.

Details: